Observations of the TeV gamma rays with the Tibet air shower array and future prospects

Podrobná bibliografia
Hlavní autori: Amenomori, M. (Author), Bi, X.J (Author), Chen, D. (Author), Cui, S.W (Author)
Médium: Článok
Jazyk:English
Témy:
ISBN: 9788096806058
Zdroj: 1. Proceedings of the 21st European cosmic ray symposium 1. Košice : Ústav experimentálnej fyziky Slovenskej akadémie vied, 2009 1. 9788096806058 1. S. 594-599
LEADER 01203naa a2200385 a 4500
001 000102113
003 SVKKK
005 20101005124938.0
008 080220s2009 xo #|0||||||||0|||b|eng
FMT
015 |a SNBRA2010/09 
038 |a SVKKK 
040 |a SVKKK  |b slo  |e AACR2 
041 0 |a eng  |b eng 
044 |a xo  |c SK 
080 |a 524.1  |2 1997 
080 |a 551.521.6  |2 1997 
080 |a 539.1.074  |2 1997 
242 1 0 |a Pozorovania gama žiarenia s energiou TeV tibetskou sústavou teleskopov a vyhliadky do budúcnosti 
245 1 0 |a Observations of the TeV gamma rays with the Tibet air shower array and future prospects  |c M. Amenomori ... [et al.] 
300 |b Obr., tab. 
504 |a Bibliogr. odkazy 
546 |a Res. angl. 
650 0 4 |a kozmické žiarenie extrémnych energií  |x teleskopy 
700 1 |a Amenomori, M.  |4 aut 
700 1 |a Bi, X.J.  |4 aut 
700 1 |a Chen, D.  |4 aut 
700 1 |a Cui, S.W.  |4 aut 
773 0 |t Proceedings of the 21st European cosmic ray symposium  |d Košice : Ústav experimentálnej fyziky Slovenskej akadémie vied, 2009  |z 9788096806058  |g S. 594-599 
958 |a NB 
992 |a RZB 
BAS
852 |a SVKKK  |b BIB 
EXP
998 |a GEO